Wine Regions of North-East Italy - Statistics

General Stats
  • This quiz has been taken 185 times
  • The average score is 7 of 10
Answers on the Map
Answers color-coded by a green-red scale on the quiz's map according to % correct below.
 
Answer Stats
Answer % Correct
Trentino
81%
Alto Adige
80%
Prosecco di Conegliano-Valdobbiadene
78%
Soave Classico
73%
Soave
68%
Valpolicella
64%
Friuli Grave
62%
Valpolicella Classico
59%
Colli Orientali
47%
Collio
43%
No matching quizzes found
Score Distribution
Percent of People with Each Score
Percentile by Number Answered
Your Score History
You have not taken this quiz